All TXT Songs (until Beautiful Strangers) - Statistics

General Stats
  • This quiz has been taken 29 times
    16 since last reset
  • The average score is 52 of 97
Answer Stats
Answer % Correct
– — — — .-. .-. — .–
100%
Blue Orangeade
100%
CROWN
100%
Blue Hour
93%
Cat & Dog
93%
Drama
93%
Frost
93%
Back for More (with Anitta)
86%
Deja Vu
86%
Do It Like That (with Jonas Brothers)
86%
Good Boy Gone Bad
86%
Love Language
86%
Magic
86%
Sugar Rush Ride
86%
0X1=Lovesong (I Know I Love You) ft. Seori
79%
Chasing That Feeling
79%
Ghosting
79%
Outro : FALLING
79%
PUMA
79%
What If I Had Been That PUMA
79%
Beautiful Strangers
71%
Free Falling
71%
Ice Cream
71%
LO$ER=LO♡ER
71%
Nap of a Star
71%
New Rules
71%
Opening Sequence
71%
Run Away
71%
Tinnitus (Wanna be a rock)
71%
20cm
64%
Anti-Romantic
64%
Can’t You See Me?
64%
Devil by the Window
64%
Eternally
64%
Fairy of Shampoo
64%
Farewell, Neverland
64%
Ghost Girl
64%
Happily Ever After
64%
Happy Fools (feat. Coi Leray)
64%
MOA Diary (Dubaddu Wari Wari)
64%
No Rules
64%
Our Summer
64%
Wishlist
64%
Your Light
64%
Angel or Devil
57%
Heaven
57%
I’ll See You There Tomorrow
57%
Over the Moon
57%
The Killa (I Belong To You)
57%
Valley of Lies (with Iann Dior)
57%
Danger
50%
Dear Sputnik
50%
Forty One Winks
50%
Higher Than Heaven
50%
Lonely Boy
50%
Maze in the Mirror
50%
Miracle
50%
Open Always Win
50%
Quarter Life
50%
Roller Coaster
50%
Trust Fund Baby
50%
We Lost The Summer
50%
Blue Spring
43%
Dreamer
43%
Force
43%
Growing Pain
43%
Ito
43%
Thursday’s Child Has Far To Go
43%
Bird of Night
36%
Dance With You
36%
Hydrangea Love
36%
Kitto Zutto
36%
Poppin’ Star
36%
Resist (Not Gonna Run Away)
36%
Sunday Driver
36%
Take My Half
36%
Upside Down Kiss
36%
Way Home
36%
Can’t We Just Leave The Monster Alive?
29%
Deep Down
29%
Hitori no Yoru
29%
Intro : FLOATING
29%
Magic Island
29%
Ring
29%
The Song of the Star
29%
We'll Never Change
21%
Can’t Stop
14%
Intro : SPARK
14%
Outro : GLOW
14%
SSS (Sending Secret Signal)
14%
Everlasting Shine
7%
Step by Step
7%
Where Do You Go?
7%
Intro: Dreaming
0%
Outro: Still
0%
Rise
0%
Stone Skipping
0%
No matching quizzes found
Score Distribution
Percent of People with Each Score
Percentile by Number Answered
Your Score History
You have not taken this quiz since the last reset